[Event "2. Bundesliga Ost 2015/2016"]
[Site "Wien"]
[Date "2015.11.29"]
[Round "4"]
[Board "3"]
[White "Maslik, Miroslav"]
[Black "Lendwai, Reinhard"]
[Result "1/2-1/2"]
[WhiteElo "2333"]
[BlackElo "2360"]
[PlyCount "57"]
[EventDate "2015.10.17"]
[EventType "team"]
[EventRounds "11"]
[EventCountry "AUT"]
[WhiteTeam "ASVOE Pamhagen"]
[BlackTeam "Blackburne Nickelsdorf"]

1. d4 d5 2. c4 c6 3. Nc3 Nf6 4. Nf3 g6 5. g3 Bg7 6. Bg2 O-O 7. O-O dxc4 8. a4
a5 9. e4 Bg4 10. Be3 e5 11. h3 Bxf3 12. Bxf3 exd4 13. Bxd4 Na6 14. e5 Nd7 15.
e6 fxe6 16. Bg4 Ndc5 17. Bxc5 Nxc5 18. Qe2 Qd3 19. Bxe6+ Nxe6 20. Qxe6+ Kh8 21.
Rad1 Rae8 22. Qd7 Qxd7 23. Rxd7 b5 24. axb5 Bxc3 25. bxc3 cxb5 26. Rb1 Rb8 27.
Rc7 a4 28. Rc5 Rf3 29. Rxc4 1/2-1/2

[Event "2. Bundesliga Ost 2015/2016"]
[Site "Wien"]
[Date "2015.11.29"]
[Round "4"]
[Board "4"]
[White "Pinter, Erik"]
[Black "Jacko, Vladimir"]
[Result "1-0"]
[WhiteElo "2370"]
[BlackElo "2339"]
[PlyCount "125"]
[EventDate "2015.10.17"]
[EventType "team"]
[EventRounds "11"]
[EventCountry "AUT"]
[WhiteTeam "Blackburne Nickelsdorf"]
[BlackTeam "ASVOE Pamhagen"]

1. e4 c5 2. Nf3 g6 3. d4 cxd4 4. Nxd4 Bg7 5. c4 Nc6 6. Be3 Nf6 7. Nc3 O-O 8.
Be2 d6 9. O-O Bd7 10. Qd2 Nxd4 11. Bxd4 Bc6 12. f3 a5 13. b3 Nd7 14. Be3 Nc5
15. Rac1 Qb6 16. Rfe1 Rfc8 17. Rc2 h5 18. Bf1 Kh7 19. Nd5 Qd8 20. Bg5 Bxd5 21.
exd5 Bf6 22. Be3 Qd7 23. a3 a4 24. b4 Nb3 25. Qf2 e5 26. dxe6 Qxe6 27. Bd3 Re8
28. Rce2 Rac8 29. Bb6 Qd7 30. Rxe8 Rxe8 31. Be4 Bg7 32. Rd1 f5 33. Bd5 Qe7 34.
f4 Bf6 35. g3 Kh6 36. Kg2 Bg7 37. h3 Qf6 38. Bf3 Kh7 39. Qc2 Qe6 40. Bf2 Rc8
41. Bxb7 Rxc4 42. Qd3 Nd4 43. Kf1 d5 44. Qe3 Qxe3 45. Bxe3 Nc2 46. Bc5 d4 47.
Ke2 Nxa3 48. Bc6 Nc2 49. Bb5 Rc3 50. Bxa4 Re3+ 51. Kf2 Rc3 52. Ke2 Re3+ 53. Kf2
Rc3 54. Bxc2 Rxc2+ 55. Kf1 Rc4 56. Rd3 Kg8 57. Ke2 Kf7 58. Ra3 Rc2+ 59. Kd3 Rg2
60. Kc4 Rb2 61. Ra7+ Kg8 62. Rxg7+ Kxg7 63. Bxd4+ 1-0

[Event "2. Bundesliga Ost 2015/2016"]
[Site "Wien"]
[Date "2015.11.29"]
[Round "4"]
[Board "5"]
[White "Vitouch, Anatol"]
[Black "Vlcek, Stanislav"]
[Result "1/2-1/2"]
[WhiteElo "2254"]
[BlackElo "2286"]
[PlyCount "47"]
[EventDate "2015.10.17"]
[EventType "team"]
[EventRounds "11"]
[EventCountry "AUT"]
[WhiteTeam "ASVOE Pamhagen"]
[BlackTeam "Blackburne Nickelsdorf"]

1. g3 g6 2. c4 Bg7 3. Bg2 d6 4. Nc3 Nf6 5. d3 O-O 6. e4 c5 7. Nge2 Nc6 8. O-O
Bd7 9. h3 Ne8 10. Be3 Nd4 11. Rb1 a6 12. a4 Rb8 13. b4 cxb4 14. Rxb4 Nxe2+ 15.
Nxe2 b5 16. Qb3 Nc7 17. Rb1 bxc4 18. Qxc4 Rxb4 19. Rxb4 Qc8 20. Rb6 a5 21. Nf4
Re8 22. Qb3 Na6 23. d4 Nb4 24. Bf1 1/2-1/2

[Event "2. Bundesliga Ost 2015/2016"]
[Site "Wien"]
[Date "2015.11.29"]
[Round "4"]
[Board "6"]
[White "Rongitsch, Thomas"]
[Black "Alvir, Aco"]
[Result "0-1"]
[WhiteElo "2110"]
[BlackElo "2368"]
[PlyCount "134"]
[EventDate "2015.10.17"]
[EventType "team"]
[EventRounds "11"]
[EventCountry "AUT"]
[WhiteTeam "Blackburne Nickelsdorf"]
[BlackTeam "ASVOE Pamhagen"]

1. e4 g6 2. d4 Bg7 3. Nf3 d6 4. Bc4 e6 5. O-O Ne7 6. Bg5 h6 7. Bxe7 Qxe7 8. Nc3
O-O 9. Qd2 Nd7 10. Rfe1 a6 11. a4 b6 12. Rad1 Bb7 13. Qe3 Rfc8 14. b4 c6 15.
Bb3 Qf8 16. Ne2 Rc7 17. h4 c5 18. c3 cxb4 19. cxb4 Rac8 20. Rc1 Rxc1 21. Rxc1
Rxc1+ 22. Nxc1 Qa8 23. Nd2 Qd8 24. g3 Nf6 25. f3 h5 26. Ne2 Kh7 27. Qc3 Ng8 28.
Kg2 Ne7 29. b5 axb5 30. axb5 Qd7 31. Qb4 Nc8 32. d5 exd5 33. Bxd5 Bxd5 34. exd5
Ne7 35. Nf4 Be5 36. Ne4 Qc7 37. Ng5+ Kg8 38. Qe4 Bxf4 39. gxf4 Qd7 40. Qd4 Qxb5
41. Qf6 Qe8 42. Qxd6 Nf5 43. Qxb6 Ne3+ 44. Kf2 Nxd5 45. Qd4 Qc6 46. Ne4 Qb6 47.
Nf6+ Qxf6 48. Qxd5 Qxf4 49. Qd8+ Kg7 50. Qe7 Qh2+ 51. Ke3 Qg1+ 52. Kf4 Qh2+ 53.
Ke3 Qg3 54. Ke2 Qf4 55. Kf2 Qf6 56. Qe4 Qd6 57. Kg2 Kf6 58. Qb7 Qd4 59. Kh3 Ke6
60. Qc6+ Kf5 61. Qc2+ Kf4 62. Qc7+ Kxf3 63. Qxf7+ Qf4 64. Qd5+ Qe4 65. Qd1+ Kf4
66. Qd6+ Ke3 67. Qc5+ Kf3 0-1

[Event "2. Bundesliga Ost 2015/2016"]
[Site "Wien"]
[Date "2016.02.20"]
[Round "5"]
[Board "1"]
[White "Zilka, Stepan"]
[Black "Jankovic, Alojzije"]
[Result "0-1"]
[WhiteElo "2520"]
[BlackElo "2559"]
[PlyCount "120"]
[EventDate "2015.10.17"]
[EventType "team"]
[EventRounds "11"]
[EventCountry "AUT"]
[WhiteTeam "Blackburne Nickelsdorf"]
[BlackTeam "SK Advisory Invest Baden"]

1. d4 Nf6 2. c4 d6 3. Nf3 g6 4. Nc3 Bf5 5. Ng5 Bd7 6. e4 e5 7. d5 a5 8. Be2 Na6
9. f4 exf4 10. Bxf4 Qe7 11. O-O Bg7 12. Qc2 Nc5 13. Rae1 h6 14. Nf3 Ng4 15. h3
Ne5 16. Qd2 Nxf3+ 17. Bxf3 Be5 18. Bd1 Bxf4 19. Rxf4 Qe5 20. Rf3 h5 21. Ref1
O-O 22. Qf2 Qe7 23. Rf6 Nd3 24. Qd2 Ne5 25. c5 Kg7 26. cxd6 cxd6 27. Qg5 Rh8
28. Ne2 Kf8 29. Qe3 Bf5 30. R6xf5 gxf5 31. Rxf5 Qh4 32. Nf4 Rg8 33. Nxh5 Ke7
34. Rxe5+ dxe5 35. Qc5+ Kd8 36. d6 Rc8 37. Qxa5+ Kd7 38. Qxe5 Qe1+ 39. Kh2 Qxd1
40. Nf6+ Kc6 41. d7 Qd6 42. dxc8=Q+ Rxc8 43. Ng4 Re8 44. Qxd6+ Kxd6 45. e5+ Ke6
46. h4 Kf5 47. Kh3 Rd8 48. h5 Kg5 49. Nf6 Rd3+ 50. g3 Re3 51. Ne8 Rxe5 52. Nd6
Re7 53. g4 Re3+ 54. Kg2 Kxg4 55. h6 f5 56. Nxb7 Re2+ 57. Kf1 Rxb2 58. h7 Rh2
59. Nc5 Rxh7 60. a4 Ra7 0-1

[Event "2. Bundesliga Ost 2015/2016"]
[Site "Wien"]
[Date "2016.02.20"]
[Round "5"]
[Board "2"]
[White "Juenger, Heinz"]
[Black "Schwarhofer, Christopher"]
[Result "0-1"]
[WhiteElo "2123"]
[BlackElo "2378"]
[PlyCount "70"]
[EventDate "2015.10.17"]
[EventType "team"]
[EventRounds "11"]
[EventCountry "AUT"]
[WhiteTeam "SK Advisory Invest Baden"]
[BlackTeam "Blackburne Nickelsdorf"]

1. d4 Nf6 2. c4 g6 3. g3 Bg7 4. Bg2 d5 5. cxd5 Nxd5 6. Nf3 c6 7. O-O O-O 8. Nc3
Nxc3 9. bxc3 Qa5 10. Qb3 Nd7 11. e4 Nb6 12. Qa3 Qxa3 13. Bxa3 Re8 14. Nd2 Na4
15. Rac1 e5 16. Nb3 Nb6 17. Rcd1 Bg4 18. f3 Be6 19. Bc5 Bc4 20. Rfe1 Na4 21.
Bb4 b6 22. Nd2 Be6 23. d5 cxd5 24. exd5 Bxd5 25. c4 Bc6 26. Ne4 a5 27. Ba3 Red8
28. Be7 Rxd1 29. Rxd1 Nb2 30. Rc1 f5 31. Nf2 Rc8 32. Ba3 Na4 33. Rc2 Bd5 34.
Nd1 Rxc4 35. Rd2 Rd4 0-1

[Event "2. Bundesliga Ost 2015/2016"]
[Site "Wien"]
[Date "2016.02.20"]
[Round "5"]
[Board "3"]
[White "Lendwai, Reinhard"]
[Black "Dzierzenga, Stefan"]
[Result "1/2-1/2"]
[WhiteElo "2360"]
[BlackElo "2186"]
[PlyCount "68"]
[EventDate "2015.10.17"]
[EventType "team"]
[EventRounds "11"]
[EventCountry "AUT"]
[WhiteTeam "Blackburne Nickelsdorf"]
[BlackTeam "SK Advisory Invest Baden"]

1. d4 Nf6 2. c4 c5 3. e3 g6 4. Nc3 Bg7 5. Nf3 O-O 6. Be2 cxd4 7. Nxd4 Nc6 8.
O-O d6 9. b3 Nxd4 10. exd4 d5 11. Be3 Be6 12. Rc1 Rc8 13. Na4 Bd7 14. Nc3 Be6
15. c5 Ne4 16. b4 a5 17. a3 Nxc3 18. Rxc3 axb4 19. axb4 Ra8 20. Qd2 Ra4 21. Rb1
Bf5 22. Rbb3 Qa8 23. Rc1 Ra1 24. Rbc3 Ra2 25. Qd1 Qa7 26. Bf1 Ra8 27. b5 Qa5
28. h3 Qb4 29. c6 bxc6 30. bxc6 R2a4 31. c7 Rc8 32. g4 Bd7 33. Rb3 Qd6 34. Rb8
Rxb8 1/2-1/2

[Event "2. Bundesliga Ost 2015/2016"]
[Site "Wien"]
[Date "2016.02.20"]
[Round "5"]
[Board "4"]
[White "Herndlbauer, Martin"]
[Black "Pinter, Erik"]
[Result "1/2-1/2"]
[WhiteElo "2084"]
[BlackElo "2370"]
[PlyCount "125"]
[EventDate "2015.10.17"]
[EventType "team"]
[EventRounds "11"]
[EventCountry "AUT"]
[WhiteTeam "SK Advisory Invest Baden"]
[BlackTeam "Blackburne Nickelsdorf"]

1. e4 c5 2. Nf3 d6 3. d4 cxd4 4. Nxd4 Nf6 5. Nc3 Nc6 6. Bg5 e6 7. Qd2 a6 8.
O-O-O Bd7 9. f4 b5 10. Bxf6 gxf6 11. Kb1 Qb6 12. Nxc6 Bxc6 13. f5 b4 14. Ne2
Bxe4 15. Ng3 Bd5 16. Nh5 O-O-O 17. Nf4 Be4 18. fxe6 d5 19. exf7 Bc5 20. g3 f5
21. Bd3 Be3 22. Qe2 Bxf4 23. gxf4 Rhf8 24. Qh5 Qg6 25. Qxg6 hxg6 26. Bxa6+ Kc7
27. Rhg1 Rd6 28. Bd3 Rxf7 29. a3 bxa3 30. bxa3 Rh7 31. Rd2 Rh4 32. Rf2 Rh8 33.
Kb2 Ra8 34. Ra1 Rb6+ 35. Kc3 Ra4 36. Kd2 Kd7 37. Rff1 Ke7 38. Ke3 Kf6 39. h4
Rb8 40. Rfb1 Rxb1 41. Rxb1 Rxa3 42. Rb6+ Kg7 43. Kd4 Kh6 44. Bxe4 dxe4 45. Rb1
Kh5 46. Rg1 Rf3 47. Ke5 e3 48. c4 Kxh4 49. c5 e2 50. Re1 Rc3 51. Rxe2 Rxc5+ 52.
Kd4 Ra5 53. Rg2 Ra4+ 54. Ke5 Ra6 55. Rg5 Rb6 56. Kd4 Re6 57. Kd3 Kh3 58. Kd2
Re4 59. Rxg6 Rxf4 60. Ke3 Rg4 61. Rf6 Re4+ 62. Kf3 Ra4 63. Rxf5 1/2-1/2

[Event "2. Bundesliga Ost 2015/2016"]
[Site "Wien"]
[Date "2016.02.20"]
[Round "5"]
[Board "5"]
[White "Vlcek, Stanislav"]
[Black "Hofegger, Jakob"]
[Result "1-0"]
[WhiteElo "2286"]
[BlackElo "1990"]
[PlyCount "79"]
[EventDate "2015.10.17"]
[EventType "team"]
[EventRounds "11"]
[EventCountry "AUT"]
[WhiteTeam "Blackburne Nickelsdorf"]
[BlackTeam "SK Advisory Invest Baden"]

1. Nf3 Nf6 2. c4 g6 3. g3 Bg7 4. Bg2 O-O 5. Nc3 d6 6. O-O e5 7. d3 Nc6 8. Rb1
a5 9. a3 h6 10. b4 axb4 11. axb4 Be6 12. b5 Ne7 13. Nd2 Rb8 14. Qb3 Nd7 15. Nd5
Nc5 16. Qc2 f5 17. f4 b6 18. Bb2 g5 19. e3 Ng6 20. d4 Nd7 21. fxe5 dxe5 22. Nb4
Nf6 23. Nc6 Qe8 24. Nxb8 Qxb8 25. d5 Bd7 26. Nf3 Ne4 27. Ra1 Qd8 28. Ra7 g4 29.
Nd2 Nc5 30. Nb3 Qg5 31. Nxc5 bxc5 32. Rxc7 Qd8 33. d6 Rf6 34. Ra1 e4 35. Bxf6
Bxf6 36. Raa7 Ne5 37. Bxe4 fxe4 38. Qxe4 Qf8 39. Rxd7 Nxd7 40. Rxd7 1-0

[Event "2. Bundesliga Ost 2015/2016"]
[Site "Wien"]
[Date "2016.02.20"]
[Round "5"]
[Board "6"]
[White "Perndl, Johann"]
[Black "Kuntner, Reinhard"]
[Result "0-1"]
[WhiteElo "2065"]
[BlackElo "2102"]
[PlyCount "94"]
[EventDate "2015.10.17"]
[EventType "team"]
[EventRounds "11"]
[EventCountry "AUT"]
[WhiteTeam "SK Advisory Invest Baden"]
[BlackTeam "Blackburne Nickelsdorf"]

1. e4 c5 2. c3 a6 3. Nf3 e6 4. d4 d5 5. e5 Nc6 6. Be3 c4 7. b3 b5 8. a4 Bd7 9.
Nbd2 Nge7 10. Be2 Nf5 11. O-O Be7 12. axb5 axb5 13. Qc2 O-O 14. Qb2 Nxe3 15.
fxe3 f6 16. Rxa8 Qxa8 17. exf6 gxf6 18. bxc4 bxc4 19. Ra1 Qb8 20. Qa2 Qc7 21.
Bd1 Kh8 22. Rb1 e5 23. e4 dxe4 24. Nxe4 f5 25. Ned2 e4 26. Ne1 Bh4 27. Be2 Qf4
28. Nf1 Bf2+ 29. Kh1 Bxe1 30. Rxe1 Qf2 31. Ra1 f4 32. Bxc4 Qh4 33. Bd5 f3 34.
g3 Qg4 35. Ne3 Qg5 36. Qf2 Qg6 37. Re1 Ne7 38. c4 Bh3 39. Bb7 Rb8 40. Ba6 Qxa6
41. g4 Rb3 42. Qg3 Qa5 43. d5 Ng6 44. d6 Nf4 45. Qh4 Bg2+ 46. Nxg2 fxg2+ 47.
Kg1 Qc5+ 0-1

[Event "2. Bundesliga Ost 2015/2016"]
[Site "Wien"]
[Date "2016.02.20"]
[Round "5"]
[Board "1"]
[White "Hangweyrer, Manfred"]
[Black "Lipka, Juraj"]
[Result "0-1"]
[WhiteElo "2390"]
[BlackElo "2411"]
[PlyCount "64"]
[EventDate "2015.10.17"]
[EventType "team"]
[EventRounds "11"]
[EventCountry "AUT"]
[WhiteTeam "SK Austria"]
[BlackTeam "ASVOE Pamhagen"]

1. e4 e6 2. d4 d5 3. exd5 exd5 4. Nf3 Nf6 5. Bd3 Bd6 6. O-O O-O 7. Bg5 Bg4 8.
h3 Bh5 9. g4 Bg6 10. Ne5 Bxd3 11. Qxd3 c6 12. Nd2 Re8 13. Rfe1 Be7 14. Re2 Nfd7
15. Nxf7 Kxf7 16. Qxh7 Bxg5 17. Qh5+ g6 18. Qh7+ Kf8 19. Rae1 Rxe2 20. Rxe2 Nf6
21. Qh8+ Ng8 22. Re6 Bf6 23. Qh7 Qd7 24. Rxf6+ Nxf6 25. Qxg6 Qf7 26. Qh6+ Qg7
27. Qf4 Nbd7 28. Nf3 Kg8 29. Nh4 Rf8 30. Nf5 Nh5 31. Qf3 Qg5 32. Kh1 Ng7 0-1

[Event "2. Bundesliga Ost 2015/2016"]
[Site "Wien"]
[Date "2016.02.20"]
[Round "5"]
[Board "2"]
[White "Jacko, Vladimir"]
[Black "Plachetka, Jan"]
[Result "1/2-1/2"]
[WhiteElo "2339"]
[BlackElo "2373"]
[PlyCount "59"]
[EventDate "2015.10.17"]
[EventType "team"]
[EventRounds "11"]
[EventCountry "AUT"]
[WhiteTeam "ASVOE Pamhagen"]
[BlackTeam "SK Austria"]

1. c4 g6 2. e4 c5 3. Nf3 Bg7 4. d4 cxd4 5. Nxd4 Nf6 6. Nc3 O-O 7. Be2 d6 8. O-O
Nc6 9. Be3 Bd7 10. Qd2 Nxd4 11. Bxd4 Bc6 12. f3 a5 13. b3 Nd7 14. Be3 Nc5 15.
Rab1 Qb6 16. Rfc1 Rfc8 17. Bf1 Qd8 18. Rc2 h5 19. a3 Kh7 20. Kh1 e6 21. b4 axb4
22. axb4 Na4 23. Nxa4 Rxa4 24. b5 Be8 25. Rd1 Qc7 26. Ra2 Rxa2 27. Qxa2 Be5 28.
f4 Bf6 29. Qd2 Be7 30. f5 1/2-1/2

[Event "2. Bundesliga Ost 2015/2016"]
[Site "Wien"]
[Date "2016.02.20"]
[Round "5"]
[Board "3"]
[White "Theissl-Pokorna, Regina"]
[Black "Vitouch, Anatol"]
[Result "0-1"]
[WhiteElo "2355"]
[BlackElo "2254"]
[PlyCount "120"]
[EventDate "2015.10.17"]
[EventType "team"]
[EventRounds "11"]
[EventCountry "AUT"]
[WhiteTeam "SK Austria"]
[BlackTeam "ASVOE Pamhagen"]

1. e4 c5 2. Nc3 Nc6 3. g3 g6 4. Bg2 Bg7 5. d3 d6 6. Be3 e5 7. Nh3 h5 8. Nd5
Nce7 9. Nxe7 Nxe7 10. Qd2 Nc6 11. c3 h4 12. f3 hxg3 13. hxg3 Qe7 14. f4 Bg4 15.
Nf2 Rxh1+ 16. Bxh1 Be6 17. Qc2 Rc8 18. Qe2 b5 19. Kf1 b4 20. Bd2 a5 21. Qf3 Qd7
22. a3 bxc3 23. bxc3 a4 24. Kg1 Na5 25. Re1 Nb3 26. Be3 exf4 27. gxf4 Bxc3 28.
Rf1 Nd4 29. Bxd4 Bxd4 30. Kh2 Rb8 31. Nd1 Ke7 32. f5 Rh8+ 33. Kg3 Bb3 34. Ne3
Kd8 35. Nd5 Bxd5 36. exd5 Qe7 37. f6 Qe5+ 38. Qf4 Qxf4+ 39. Kxf4 Bxf6 40. Bf3
Rh4+ 41. Bg4 Rh2 42. Bd1 Rd2 43. Ke4 Bg5 44. Rg1 f5+ 45. Kf3 Rxd3+ 46. Ke2 Rd2+
47. Ke1 Be3 48. Rxg6 Rxd5 49. Bxa4 Kc7 50. Bb5 Rd2 51. a4 Kb6 52. Re6 f4 53.
Re8 d5 54. Rb8+ Kc7 55. Re8 Ra2 56. Re7+ Kd6 57. Rd7+ Ke5 58. Bc6 Rd2 59. a5 f3
60. Bb5 Ra2 0-1

[Event "2. Bundesliga Ost 2015/2016"]
[Site "Wien"]
[Date "2016.02.20"]
[Round "5"]
[Board "4"]
[White "Alvir, Aco"]
[Black "Higatsberger, Michael"]
[Result "1/2-1/2"]
[WhiteElo "2368"]
[BlackElo "2148"]
[PlyCount "110"]
[EventDate "2015.10.17"]
[EventType "team"]
[EventRounds "11"]
[EventCountry "AUT"]
[WhiteTeam "ASVOE Pamhagen"]
[BlackTeam "SK Austria"]

1. e4 d5 2. exd5 Qxd5 3. Nc3 Qd8 4. d4 Nf6 5. Nf3 Bg4 6. h3 Bxf3 7. Qxf3 c6 8.
Bf4 e6 9. O-O-O Bb4 10. Be5 O-O 11. Ne4 Nxe4 12. Qxe4 Qd5 13. Bd3 Qxe4 14. Bxe4
Nd7 15. Bh2 Nf6 16. Bf3 Rfd8 17. Bf4 Bd6 18. Bd2 Rac8 19. g3 b5 20. c3 h6 21.
Rhe1 c5 22. Be3 c4 23. d5 Nxd5 24. Bxd5 exd5 25. Rxd5 a6 26. Kc2 Bc7 27. Rxd8+
Rxd8 28. a4 Rd5 29. axb5 axb5 30. Ra1 Kf8 31. Ra7 Bd8 32. Rb7 Bf6 33. Bb6 g5
34. g4 Be5 35. Be3 Kg7 36. Rb6 Bc7 37. Rc6 Be5 38. b3 cxb3+ 39. Kxb3 Bd6 40.
Bd4+ f6 41. Be3 Kf7 42. Rb6 Be7 43. Bd4 Bd6 44. Be3 Be7 45. Kc2 Bd6 46. Rc6 Ke7
47. Rc8 Be5 48. Rh8 Kf7 49. Rh7+ Kg6 50. Rb7 h5 51. Rb6 hxg4 52. hxg4 Kf7 53.
Rc6 Ke7 54. c4 bxc4 55. Rxc4 Kd7 1/2-1/2

[Event "2. Bundesliga Ost 2015/2016"]
[Site "Wien"]
[Date "2016.02.20"]
[Round "5"]
[Board "5"]
[White "Steiner, Johann"]
[Black "Rubil, Marko"]
[Result "0-1"]
[WhiteElo "2058"]
[BlackElo "2217"]
[PlyCount "50"]
[EventDate "2015.10.17"]
[EventType "team"]
[EventRounds "11"]
[EventCountry "AUT"]
[WhiteTeam "SK Austria"]
[BlackTeam "ASVOE Pamhagen"]

1. e4 e5 2. Nf3 Nc6 3. d4 exd4 4. Bc4 Bc5 5. O-O d6 6. Re1 Bg4 7. h3 Bxf3 8.
Qxf3 Qf6 9. Qb3 Nge7 10. Nd2 O-O 11. Nf3 h6 12. Bd2 Bb6 13. Rad1 Ng6 14. Bd5
Nge5 15. a4 d3 16. Nxe5 Bxf2+ 17. Kh1 Bxe1 18. Nxf7 Qf1+ 19. Kh2 Bg3+ 20. Kxg3
Qxd1 21. Nxh6+ Kh8 22. Qxd3 Ne5 23. Qe3 Qh5 24. Nf5 Rf6 25. Kh2 Ng4+ 0-1

[Event "2. Bundesliga Ost 2015/2016"]
[Site "Wien"]
[Date "2016.02.20"]
[Round "5"]
[Board "6"]
[White "Horvath, Dominik"]
[Black "Rogetzer, Klaus"]
[Result "1-0"]
[WhiteElo "2203"]
[BlackElo "2084"]
[PlyCount "91"]
[EventDate "2015.10.17"]
[EventType "team"]
[EventRounds "11"]
[EventCountry "AUT"]
[WhiteTeam "ASVOE Pamhagen"]
[BlackTeam "SK Austria"]

1. Nf3 Nf6 2. c4 g6 3. Nc3 Bg7 4. e4 d6 5. d4 O-O 6. Be2 e5 7. O-O exd4 8. Nxd4
Re8 9. f3 c6 10. Bf4 Qb6 11. Na4 Qd8 12. Qd2 d5 13. cxd5 cxd5 14. Nb5 Nh5 15.
Bg5 Nf6 16. exd5 a6 17. Nbc3 b5 18. Nc5 Qc7 19. b4 Nbd7 20. Bf4 Qb6 21. Be3 Qd6
22. Rac1 Ne5 23. N3e4 Qf8 24. Nxf6+ Bxf6 25. Ne4 Bd8 26. Bc5 Qg7 27. Bd4 Qf8
28. Bc5 Qg7 29. Nd6 Bd7 30. Nxe8 Bxe8 31. Bd4 Bf6 32. Rfd1 Rd8 33. f4 Nd7 34.
Bxf6 Nxf6 35. Bf3 Qf8 36. Qd4 Qd6 37. Rc5 Bd7 38. Qe5 Qb6 39. Qc7 Qxc7 40. Rxc7
Ne8 41. Ra7 Bc8 42. d6 Rxd6 43. Rxd6 Nxd6 44. Kf2 Kg7 45. Ke3 Kf6 46. Kd4 1-0

[Event "2. Bundesliga Ost 2015/2016"]
[Site "Wien"]
[Date "2016.02.20"]
[Round "5"]
[Board "1"]
[White "Szabo, Krisztian"]
[Black "Weinzettl, Ernst"]
[Result "1-0"]
[WhiteElo "2513"]
[BlackElo "2299"]
[PlyCount "55"]
[EventDate "2015.10.17"]
[EventType "team"]
[EventRounds "11"]
[EventCountry "AUT"]
[WhiteTeam "ASVOE Mattersburg"]
[BlackTeam "ASVOE VHS Poechlarn"]

1. e4 e6 2. d4 d5 3. Nc3 Bb4 4. e5 Ne7 5. a3 Bxc3+ 6. bxc3 b6 7. Qg4 Ng6 8. h4
h5 9. Qd1 c5 10. Bb5+ Bd7 11. Bd3 Ba4 12. Nf3 Nc6 13. Ng5 Qd7 14. Rh3 Nge7 15.
Be2 cxd4 16. cxd4 Nf5 17. Bb2 Na5 18. Bxh5 g6 19. Bg4 Nxh4 20. g3 Ng2+ 21. Kf1
Rxh3 22. Bxh3 Ne3+ 23. fxe3 Qb5+ 24. Kg1 Qxb2 25. Qf1 O-O-O 26. Nxf7 Nc4 27.
Bxe6+ Kc7 28. Nxd8 1-0

[Event "2. Bundesliga Ost 2015/2016"]
[Site "Wien"]
[Date "2016.02.20"]
[Round "5"]
[Board "2"]
[White "Loeffler, Stefan"]
[Black "Petran, Peter"]
[Result "0-1"]
[WhiteElo "2386"]
[BlackElo "2360"]
[PlyCount "86"]
[EventDate "2015.10.17"]
[EventType "team"]
[EventRounds "11"]
[EventCountry "AUT"]
[WhiteTeam "ASVOE VHS Poechlarn"]
[BlackTeam "ASVOE Mattersburg"]

1. d4 g6 2. e4 Bg7 3. c4 Nc6 4. Nf3 e5 5. Bg5 Nge7 6. dxe5 Nxe5 7. Nc3 h6 8.
Bf4 Nxf3+ 9. Qxf3 d6 10. c5 Nc6 11. Bc4 Nd4 12. Qd3 dxc5 13. Rd1 c6 14. Qg3 b6
15. Be5 Rh7 16. h4 Bxe5 17. Qxe5+ Qe7 18. Qg3 Be6 19. Bxe6 Qxe6 20. O-O O-O-O
21. Qd3 Kb7 22. f4 f5 23. Rfe1 Rhd7 24. Qf1 Nc2 25. exf5 Qxf5 26. Rxd7+ Rxd7
27. Re5 Qg4 28. Qf2 Nb4 29. Re3 Nd3 30. Qf3 Qxf3 31. Rxf3 Nxb2 32. h5 gxh5 33.
f5 Kc7 34. Ne4 Rf7 35. f6 Nc4 36. Rg3 Kd7 37. Rg6 Ne5 38. Rxh6 Ng4 39. Rxh5
Nxf6 40. Nxf6+ Rxf6 41. Rh7+ Kd6 42. Rxa7 c4 43. Rh7 Kc5 0-1

[Event "2. Bundesliga Ost 2015/2016"]
[Site "Wien"]
[Date "2016.02.20"]
[Round "5"]
[Board "3"]
[White "Brod, Manfred"]
[Black "Ganaus, Hannes"]
[Result "1/2-1/2"]
[WhiteElo "2259"]
[BlackElo "2279"]
[PlyCount "47"]
[EventDate "2015.10.17"]
[EventType "team"]
[EventRounds "11"]
[EventCountry "AUT"]
[WhiteTeam "ASVOE Mattersburg"]
[BlackTeam "ASVOE VHS Poechlarn"]

1. e4 e6 2. d4 d5 3. Nc3 Bb4 4. e5 Ne7 5. a3 Bxc3+ 6. bxc3 b6 7. Qg4 Ng6 8. h4
h5 9. Qg3 Ba6 10. Bxa6 Nxa6 11. Ne2 Nb8 12. Nf4 Nxf4 13. Bxf4 Kf8 14. a4 Nc6
15. Bg5 Qd7 16. Qd3 Na5 17. O-O Nc4 18. Rfb1 Ke8 19. Qg3 Qc6 20. Bc1 Rh7 21.
Qd3 Rh8 22. Qg3 Rh7 23. Qd3 Rh8 24. Qg3 1/2-1/2

[Event "2. Bundesliga Ost 2015/2016"]
[Site "Wien"]
[Date "2016.02.20"]
[Round "5"]
[Board "4"]
[White "Ernst, Michael"]
[Black "Wiedner, Robert"]
[Result "1-0"]
[WhiteElo "2163"]
[BlackElo "2197"]
[PlyCount "69"]
[EventDate "2015.10.17"]
[EventType "team"]
[EventRounds "11"]
[EventCountry "AUT"]
[WhiteTeam "ASVOE VHS Poechlarn"]
[BlackTeam "ASVOE Mattersburg"]

1. d4 Nf6 2. Bf4 d6 3. e3 g6 4. Nf3 Bg7 5. h3 Nbd7 6. Be2 c5 7. c3 O-O 8. O-O
b6 9. Nbd2 Bb7 10. Bh2 Rc8 11. a4 a6 12. Bc4 Rc7 13. Qe2 Qa8 14. Rfe1 h6 15.
Bb3 Ne4 16. Nxe4 Bxe4 17. Bc4 a5 18. Bd3 Bb7 19. e4 cxd4 20. Nxd4 Ne5 21. Bc2
Ba6 22. Nb5 Rc5 23. Bg3 Qc8 24. f4 Nd7 25. Bd3 Qb8 26. Bf2 Rcc8 27. Rac1 Nc5
28. Bc2 Bb7 29. Rcd1 Bc6 30. Qe3 Qb7 31. b4 axb4 32. cxb4 Ne6 33. Na3 Bd7 34.
Rd3 Bb2 35. Bd1 1-0

[Event "2. Bundesliga Ost 2015/2016"]
[Site "Wien"]
[Date "2016.02.20"]
[Round "5"]
[Board "5"]
[White "Salamon, Werner"]
[Black "Schweitzer, Werner"]
[Result "1-0"]
[WhiteElo "2130"]
[BlackElo "2026"]
[PlyCount "91"]
[EventDate "2015.10.17"]
[EventType "team"]
[EventRounds "11"]
[EventCountry "AUT"]
[WhiteTeam "ASVOE Mattersburg"]
[BlackTeam "ASVOE VHS Poechlarn"]

1. e4 c6 2. d4 d5 3. exd5 cxd5 4. Bd3 Nc6 5. c3 Qc7 6. Ne2 Bg4 7. O-O Nf6 8. h3
Bh5 9. Qb3 e6 10. Bf4 Qd7 11. Nd2 Be7 12. Ng3 Bg6 13. Bxg6 hxg6 14. Nf3 Nh5 15.
Nxh5 Rxh5 16. Rfe1 Kf8 17. Rad1 Kg8 18. Ne5 Nxe5 19. dxe5 Qc6 20. Bg3 Bc5 21.
Rd3 Rf5 22. Re2 Qa6 23. Rdd2 b5 24. Kh1 Qb6 25. Qd1 a5 26. f3 Rc8 27. Bh2 Be3
28. Rd3 Bf4 29. g4 Bxh2 30. gxf5 Bf4 31. fxg6 fxg6 32. Qg1 Qxg1+ 33. Kxg1 Rf8
34. Rd4 Rf5 35. a4 Bxe5 36. Rg4 bxa4 37. Rxa4 Bc7 38. Kg2 Rf6 39. b4 axb4 40.
cxb4 e5 41. Ra8+ Kh7 42. Rc2 Bb6 43. Rcc8 g5 44. Rf8 Kg6 45. Rxf6+ gxf6 46. Ra6
 1-0

[Event "2. Bundesliga Ost 2015/2016"]
[Site "Wien"]
[Date "2016.02.20"]
[Round "5"]
[Board "6"]
[White "Lammer, Stefan"]
[Black "Savio, Alfred Jun."]
[Result "1/2-1/2"]
[WhiteElo "2073"]
[BlackElo "2036"]
[PlyCount "55"]
[EventDate "2015.10.17"]
[EventType "team"]
[EventRounds "11"]
[EventCountry "AUT"]
[WhiteTeam "ASVOE VHS Poechlarn"]
[BlackTeam "ASVOE Mattersburg"]

1. e4 c6 2. d4 d5 3. exd5 cxd5 4. Bd3 Nc6 5. c3 Nf6 6. Bf4 g6 7. Nf3 Bg7 8. O-O
O-O 9. Re1 Re8 10. h3 a6 11. Nbd2 b5 12. a3 Nd7 13. Bc2 Na5 14. Qe2 Bb7 15. a4
Bc6 16. Bg5 Qc8 17. Bf4 Nc4 18. b3 Nxd2 19. Qxd2 e6 20. a5 Bb7 21. Rac1 Qd8 22.
b4 Rc8 23. h4 Nf6 24. Bg5 Qc7 25. Bf4 Qd8 26. Bg5 Qc7 27. Bf4 Qd8 28. Bg5
 1/2-1/2